000 00594cam a2200133 4500500
005 20260111091251.0
041 _afre
042 _adc
245 0 0 _aLevi Della Torre St., L’infinito e la siepe. Metafisica e laicità in Giacomo Leopardi, coll. Uomini e Profeti 12, Brescia, Morcelliana, 2003, 19x12, 99 p., 9.50 €. ISBN 88-372-1919-9
260 _c2005.
500 _a53
786 0 _nNouvelle revue théologique | 127 | 4 | 2005-12-15 | p. 676p-676p | 0029-4845
856 4 1 _uhttps://shs.cairn.info/revue-nouvelle-revue-theologique-2005-4-page-676p?lang=fr&redirect-ssocas=7080
999 _c1620781
_d1620781